000 01033nam0a22002531 4500
001 rc\2956419
005 20250529234907.0
035 _a(NLR Aleph) 007103633
090 _a6695807
_c6695807
100 _a20110901d1938 |||y0rusy50 ca
101 0 _arus
102 _aRU
105 _aa z |||||
200 1 _a700% на распрессовке гусеничных лент
_fбригадир-прессовщик С.П. Травкин [Кузнечный цех Ленингр. метал. завода-втуза им. Сталина]
_gПод ред. инж. П.В. Беккера
210 _aЛенинград
_aМосква
_cГОНТИ
_d1938
_eЛенинград
_g3 тип. ОНТИ
215 _a20 с.
_cил.
_d13 см
225 1 _aБиблиотечка стахановца
_aМашиностроительная серия
700 1 _aТравкин
_bС.П.
702 1 _aБеккер
_bП.В.
_4340
801 0 _aRU
_bNLR
_gpsbo
801 1 _aRU
_bELAR
_2rusmarc
852 _aNLR
_j38-8/930
942 _cBOOK
980 _aNB